000 00291nam a22001337a 4500
008 171123b xxu||||| |||| 00| 0 eng d
020 _a9780743290173
041 _aeng
080 _a33
100 _a59
101 _aBUS
245 _aTHE ELEGANT SOLUTION
_cMAY.M.E
942 _2udc
_cBK
999 _c38318
_d38318